000 00606nam a2200229Ia 4500
003 OSt
005 20221005115051.0
006 a|||||r|||| 00| 0
007 ta
008 221004b |||||||| |||| 00| 0 eng d
024 _a66477
037 _cTextual
040 _aCRL
_cCRL
_beng
041 _2eng
_aeng
082 _aV73:2:L8, K2
100 _aRutland Robert Allen
_9627062
245 0 _aBirth of the bill of right 1776-1791
260 _c1962
650 _aUNITED STATES - HISTORY
_931585
942 _hV73:2:L8, K2
_cTEXL
_2cc
999 _c1033322
_d1033322